[Event "Namur op RNE"]
[Site "Namur"]
[Date "2011.01.28"]
[Round "1"]
[White "Mariavelle, Roland"]
[Black "Khmelevski, Igor"]
[Result "1-0"]
[WhiteElo "1411"]
[BlackElo "1657"]
[PlyCount "37"]
[EventDate "2011.01.28"]
[EventType "swiss"]
[EventRounds "7"]
[EventCountry "BEL"]
[SourceTitle "EXT 2024"]
[Source "ChessBase"]
[SourceDate "2023.10.10"]
[SourceVersion "1"]
[SourceVersionDate "2023.10.10"]
[SourceQuality "1"]

1. e4 c5 2. Nf3 d6 3. d4 cxd4 4. Nxd4 Nf6 5. Nc3 a6 6. Be3 Qc7 7. Be2 e6 8. 0-0 Be7 9. f4 0-0 10. Nf3 Nbd7 11. Bd4 b5 12. a3 Bb7 13. e5 Ne4 14. Nxe4 Bxe4 15. exd6 Bxd6 16. Ng5 Bg6 17. Bd3 Bxd3 18. Qxd3 h6 19. Qh7# 1-0